000 00862cam a22002178i 4500
999 _c57372
_d57372
001 19022877
005 20221105193651.0
008 160318s2017 nyu b 001 0 eng
020 _a9781259835865 1 (pbk. : alk. paper)
041 _aeng
080 _a616.8 H - 24
245 0 0 _aHarrison's neurology in clinical medicine /
_ceditor, Stephen L. Hauser ; associate editor, S. Andrew Josephson.
250 _aFourth edition.
264 1 _aNew York :
_bMcGraw-Hill Education Medical,
_c2017.
300 _a944 p. ;
_c25 cm.
653 _aჰარისონის ნევროლოგია კლინიკურ მედიცინაში
653 _aმედიცინა
700 1 _aHauser, Stephen L.,
_eრედაქტორი
_98351
700 1 _aJosephson, Scott Andrew,
_eრედაქტორი
_98352
942 _2udc
_cBK